[Event "Katowice op"]
[Site "Katowice"]
[Date "1992.??.??"]
[Round "8"]
[White "Urban, Klaudiusz"]
[Black "Dobosz, Henryk"]
[Result "1-0"]
[WhiteElo "2465"]
[BlackElo "2415"]

1.Nf3 d5 2.c4 c6 3.g3 e6 4.Qc2 Nf6 5.Bg2 Be7 6.O-O O-O 7.b3 b6 8.Bb2 Bb7
9.d4 Nbd7 10.Nc3 Rc8 11.Rad1 Re8 12.e4 c5 13.exd5 exd5 14.Nh4 cxd4 15.Rxd4 b5
16.Nxb5 Qb6 17.Qd1 Nf8 18.Nf5 Bc5 19.Rd2 Bb4 20.Rc2 a6 21.a3 axb5 22.axb4 bxc4
23.bxc4 Rcd8 24.Bd4 Qe6 25.Ne3 Ne4 26.cxd5 Bxd5 27.Qa1 Bb3 28.Rcc1 Qg6 29.Qb2 Ba4  1-0

[Event "Kecskemet2"]
[Site "Kecskemet"]
[Date "1992.??.??"]
[Round "3"]
[White "Vadasz, Laszlo"]
[Black "Siklosi, Zoltan"]
[Result "1/2-1/2"]
[WhiteElo "2305"]
[BlackElo "2415"]

1.Nf3 d5 2.c4 e6 3.d4 c6 4.cxd5 exd5 5.Nc3 Nf6 6.Bg5 Be7 7.e3 Bf5 8.Bd3 Bxd3
9.Qxd3 Nbd7 10.O-O O-O  1/2-1/2

[Event "Kecskemet"]
[Site "Kecskemet"]
[Date "1992.??.??"]
[Round "8"]
[White "Schlosser, Philipp"]
[Black "Stajcic, Nikola"]
[Result "1-0"]
[WhiteElo "2485"]
[BlackElo "2320"]

1.Nf3 d5 2.c4 c6 3.d4 Nf6 4.e3 e6 5.Bd3 a6 6.b3 c5 7.O-O Nc6 8.Bb2 cxd4 9.exd4 Be7
10.Re1 O-O 11.Nc3 g6 12.Qd2 Re8 13.Rac1 Bf8 14.c5 Ng4 15.Qf4 f5 16.Rcd1 Bh6
17.Qg3 Nf6 18.Ne5 Bd7 19.Nxc6 Bxc6 20.f3 b6 21.b4 bxc5 22.dxc5 Nh5 23.Qf2 Qb8
24.a3 e5 25.Bxf5 d4 26.Be4 dxc3 27.Bxc6 cxb2 28.Qxb2 Bg7 29.Bxa8 Qxa8 30.Qb3+ Kh8
31.Qc4 Bf8 32.Rd5 Bg7 33.Rd6 a5 34.b5 a4 35.Ra6 Qd8 36.Rd6 Qg5 37.b6 Bf8
38.Rdd1 e4 39.Rd5 Qf6 40.fxe4 Nf4 41.Qxa4 Rc8 42.b7 Rb8 43.c6 Nxd5 44.exd5 Bd6
45.Qc4 Rf8 46.Kh1 Qf2 47.Rb1 Qf5 48.Qd4+ Kg8 49.Re1 Qh5 50.h3 Qg5 51.a4 Qg3
52.Qg1 Rf2 53.b8=Q+  1-0

[Event "JUG-ch"]
[Site "Kladovo"]
[Date "1992.??.??"]
[Round "1"]
[White "Nikcevic, Nebojsa"]
[Black "Lazic, Miroljub"]
[Result "0-1"]
[WhiteElo "2350"]
[BlackElo "2450"]

1.Nf3 d5 2.c4 c6 3.g3 Nf6 4.Bg2 Bf5 5.cxd5 cxd5 6.Qb3 Qc7 7.Nc3 e6 8.d3 Nc6
9.Bf4 Qd7 10.O-O Be7 11.Ne5 Nxe5 12.Bxe5 O-O 13.e4 dxe4 14.dxe4 Bg6 15.Rfd1 Qc6
16.Bxf6 gxf6 17.e5 Qc5 18.exf6 Bxf6 19.Ne4 Bxe4 20.Bxe4 Rad8 21.Rac1 Qe5
22.Qf3 b6 23.Re1 Qg5 24.Rc4 h5 25.h4 Qh6 26.Bc2 Bxb2 27.Rb1 Bd4 28.Rd1 Bc5
29.Rf4 f5 30.Bb3 Rxd1+ 31.Qxd1 Qg6 32.Qd7 Qxg3+  0-1

[Event "JUG-ch"]
[Site "Kladovo"]
[Date "1992.??.??"]
[Round "4"]
[White "Petronic, Jovan"]
[Black "Maksimovic, Branimir"]
[Result "0-1"]
[WhiteElo "2420"]
[BlackElo "2325"]

1.Nf3 d5 2.c4 e6 3.d4 Nf6 4.Nc3 Bb4 5.Bg5 Nbd7 6.e3 c5 7.Bd3 Qa5 8.O-O Bxc3
9.bxc3 dxc4 10.Bxc4 b5 11.Bxf6 Nxf6 12.Be2 O-O 13.Ne5 Bb7 14.Qb3 Rab8 15.Qxb5 Qxb5
16.Bxb5 Bxg2 17.Rfb1 Be4 18.Bd3 Bxd3 19.Nxd3 cxd4 20.cxd4 g5 21.Rb3 Ne4 22.Ra3 Rfc8
23.Rxa7 Rc2 24.Rf1 h5 25.h3 Nd2 26.Rd1 Nf3+ 27.Kg2 Nh4+ 28.Kg3 Nf5+ 29.Kf3 Rb5
30.a4 Nh4+ 31.Kg3 Rf5 32.Rb7 Rf3+ 33.Kh2 g4 34.hxg4 hxg4 35.Kg1 g3 36.Rb2 Rfxf2
37.Nxf2 gxf2+ 38.Kf1 Rxb2 39.a5 Nf5  0-1

[Event "JUG-ch"]
[Site "Kladovo"]
[Date "1992.??.??"]
[Round "5"]
[White "Nikcevic, Nebojsa"]
[Black "Djukic, Zeljko"]
[Result "1/2-1/2"]
[WhiteElo "2350"]
[BlackElo "2395"]

1.Nf3 d5 2.c4 c6 3.g3 Nf6 4.Bg2 dxc4 5.O-O Bf5 6.Na3 Qd5 7.b3 cxb3 8.d3 Be6
9.axb3 g6 10.Nc4 Qd8 11.Ng5 Bxc4 12.bxc4 Nbd7 13.Rb1 Qc7 14.Ba3 e5 15.Qa4 Bxa3
16.Qxa3 b6 17.f4 Rc8 18.Bh3 h6 19.fxe5 hxg5 20.exf6 c5 21.Bg4 Qd6 22.Kg2 Rc7
23.Bxd7+ Qxd7 24.Rf2 Qe6 25.Rbf1 Rd7 26.Qc1 Rh5 27.Kg1 Kf8 28.Rg2 Kg8 29.Rf3 g4
30.Rf4 Rd4 31.Rgf2 Qe5 32.Rxd4 Qxd4 33.Qf4 Qxf4 34.Rxf4 Rf5 35.Rxg4 Rxf6
36.d4 cxd4 37.Rxd4 Rc6 38.Rd7 a5 39.Rb7 Kg7 40.Kf2 a4 41.Ke3 Rxc4 42.Rxb6 a3
43.Ra6 Rc3+ 44.Kf4 Rc2 45.Rxa3 Rxe2  1/2-1/2

[Event "Kobanya op"]
[Site "Kobanya op"]
[Date "1992.??.??"]
[Round "7"]
[White "Szekely, Peter"]
[Black "Stajcic, Nikola"]
[Result "1-0"]
[WhiteElo "2450"]
[BlackElo "2320"]

1.Nf3 d5 2.c4 dxc4 3.Qa4+ Nd7 4.Qxc4 c5 5.g3 a6 6.Qb3 b6 7.Bg2 Rb8 8.d3 Bb7
9.O-O e6 10.Bf4 Rc8 11.Nbd2 Ngf6 12.Nc4 b5 13.e4 Nb6 14.Nce5 c4 15.Qd1 cxd3
16.Ng5 Rc7 17.Rc1 Nc4 18.Rxc4 Rxc4 19.Ngxf7 Qd4 20.Nxh8 Rc7 21.Nf3 Qd7 22.Bxc7 Qxc7
23.Ng5 Qd7 24.Qb3 Bc8 25.Nhf7 Qc7 26.e5  1-0

[Event "Komotini op"]
[Site "Komotini"]
[Date "1992.??.??"]
[Round "?"]
[White "Skembris, Spyridon"]
[Black "Vouldis, Angelos"]
[Result "1-0"]
[WhiteElo "2520"]
[BlackElo "2260"]

1.Nf3 d5 2.c4 c6 3.e3 e6 4.Be2 Bd6 5.Nc3 Nf6 6.d4 Nbd7 7.Qc2 O-O 8.b3 Qe7
9.Bb2 dxc4 10.bxc4 e5 11.O-O Re8 12.Rae1 e4 13.Nd2 Nf8 14.c5 Bc7 15.f3 exf3
16.Bxf3 Ng4 17.Bxg4 Bxg4 18.Nde4 Rad8 19.Ba3 Qe6 20.Nd6 Bxd6 21.cxd6 Qc4
22.Rf4 Bh5 23.Qd2 Ne6 24.Rf5 Bg6 25.Ra5 b5 26.Rc1 Ng5 27.Nxb5 Qe6 28.Nc7 Qxe3+
29.Qxe3 Rxe3 30.Bb4 h6 31.Re5 Be4 32.h4 f6 33.Re7  1-0

[Event "Kuala Lumpur op"]
[Site "Kuala Lumpur"]
[Date "1992.??.??"]
[Round "4"]
[White "Johansen, Darryl K"]
[Black "Prasad, Devaki V"]
[Result "1/2-1/2"]
[WhiteElo "2485"]
[BlackElo "2415"]

1.Nf3 d5 2.c4 dxc4 3.Na3 Nf6 4.Nxc4 c5 5.g3 Nc6 6.Bg2 g6 7.b3 Bg7 8.Bb2 O-O
9.O-O Be6 10.Rc1 Rc8 11.d4 cxd4 12.Nxd4 Bd5 13.Nxc6 Bxc6 14.Qxd8 Rfxd8 15.Rfd1 Bxg2
16.Kxg2 Nd5 17.Bxg7 Kxg7 18.a3 Nf6 19.Rxd8 Rxd8 20.Ne3 Ne8  1/2-1/2

[Event "Lisbon-chB"]
[Site "Lisbon"]
[Date "1992.??.??"]
[Round "4"]
[White "Damaso, Rui"]
[Black "Santos, Antonio P"]
[Result "1-0"]
[WhiteElo "2450"]
[BlackElo "2290"]

1.Nf3 d5 2.c4 Nf6 3.cxd5 Nxd5 4.d4 g6 5.e4 Nb6 6.Nc3 Bg7 7.h3 O-O 8.Be2 c6
9.O-O Be6 10.Bg5 h6 11.Bf4 Bc4 12.Bxc4 Nxc4 13.Qb3 Na5 14.Qc2 Nd7 15.Rfd1 e6
16.Bd6 Re8 17.e5 Nc4 18.Ne4 Ncb6 19.Qb3 Qc8 20.Ba3 Qc7 21.Bd6 Qc8 22.Nh2 Nd5
23.Ng4 h5 24.Ne3 Nxe3 25.fxe3 c5 26.Rac1 Qc6 27.Nxc5 Nxc5 28.Rxc5 Qe4 29.Qd3 Qh4
30.Rc7 Bh6 31.Rf1 Rf8 32.Bxf8 Rxf8 33.Kh2 Qg5 34.Rf3 h4 35.Qe4 Qd8 36.Rfxf7 Rxf7
37.Qxg6+ Rg7 38.Qxe6+ Kh7 39.Qf5+ Kh8 40.Rc8 Qxc8 41.Qxc8+ Kh7  1-0

[Event "Ljubljana op"]
[Site "Ljubljana"]
[Date "1992.??.??"]
[Round "5"]
[White "Mohr, Georg"]
[Black "Panchenko, Alexander N"]
[Result "0-1"]
[WhiteElo "2440"]
[BlackElo "2460"]

1.Nf3 d5 2.c4 e6 3.g3 dxc4 4.Bg2 a6 5.O-O Nf6 6.a4 Nc6 7.a5 Bd7 8.b3 cxb3
9.Qxb3 b6 10.axb6 cxb6 11.d4 Be7 12.Ne5 Nd5 13.e4 Ndb4 14.Nxc6 Nxc6 15.Be3 Na5
16.Qd1 O-O 17.Nc3 Rc8 18.Qd3 Bb4 19.Na4 Nc4 20.Bc1 Bb5 21.Qb1 Qxd4 22.Nxb6 Nxb6
23.Be3 Qd6 24.Rd1 Qe7 25.Bxb6 Rb8 26.Bd4 a5 27.Be5 Rbc8 28.Bd6 Bxd6 29.Qxb5 Bb4
30.Ra2 Rfd8 31.Rxd8+ Qxd8 32.Bf1 g6 33.Kg2 Rc3 34.Qe5 Rc5 35.Qb2 Rc3 36.Qe2 Qd4
37.Rd2 Qxd2 38.Qxd2 Rxg3+ 39.hxg3 Bxd2 40.Bb5 Kf8 41.f4 e5 42.fxe5 Bc3 43.Kf3 Bxe5
44.g4 Ke7 45.g5 f6 46.Kg4 Bb2  0-1

[Event "Ljubljana op"]
[Site "Ljubljana"]
[Date "1992.??.??"]
[Round "9"]
[White "Gostisa, Leon"]
[Black "Jelen, Igor"]
[Result "0-1"]
[WhiteElo "2430"]
[BlackElo "2340"]

1.Nf3 d5 2.c4 e6 3.g3 dxc4 4.Bg2 Nf6 5.O-O Nbd7 6.Qa4 c5 7.Qxc4 a6 8.a4 b5
9.Qc2 Bb7 10.d3 Bd6 11.b3 O-O 12.Bb2 Qb6 13.e4 Be7 14.Nbd2 Rac8 15.Bc3 Qc7
16.Rfc1 Ng4 17.Qb2 Bf6 18.Bxf6 Ngxf6 19.axb5 axb5 20.b4 Qb6 21.bxc5 Rxc5
22.Rxc5 Nxc5 23.Bf1 Rd8 24.Nc4 Qc7 25.Nce5 Nfd7 26.Rc1 Nxe5 27.Qxe5 Qxe5
28.Nxe5 Rc8 29.Rb1 Ba6 30.f3 f6 31.Ng4 Rd8 32.Ra1 b4 33.Rb1 Nxd3 34.Bxd3 Rxd3
35.Rxb4 Rxf3 36.Rb6 Bc4 37.Rc6 Bb3 38.Kg2 Rd3 39.h4 Bd1 40.Nf2 Bf3+ 41.Kg1 Re3
42.Rc4 Re1+ 43.Kh2 Rf1 44.Rc2 h5 45.g4 hxg4  0-1

[Event "Balkaniad"]
[Site "Mangalia"]
[Date "1992.??.??"]
[Round "3"]
[White "Skembris, Spyridon"]
[Black "Soylu, Suat"]
[Result "1/2-1/2"]
[WhiteElo "2530"]
[BlackElo "2335"]

1.Nf3 d5 2.c4 c6 3.e3 Nf6 4.d4 g6 5.Nc3 Bg7 6.Be2 O-O 7.O-O e6 8.Bd2 Nbd7
9.cxd5 exd5 10.b4 a6 11.a4 Nb6 12.b5 axb5 13.axb5 Rxa1 14.Qxa1 Bg4 15.bxc6 bxc6
16.Ne5 Bxe2 17.Nxe2 c5 18.Qa6 Nbd7 19.Nxd7 Nxd7 20.dxc5 Nxc5 21.Qc6 Ne6 22.Bc3 Qa8
23.Qxa8 Rxa8 24.Rd1 Bxc3 25.Nxc3 Nc7 26.g4 Ra5 27.Kg2 Rc5 28.Rd3 Kg7 29.Kg3 h6
30.h4 Ra5 31.Rd2 Rc5 32.Ne2 Ne6 33.f4 Kf6 34.Kf3 Ra5 35.Rd3 Ng7 36.Nd4 Ne6
37.Nc6 Rc5 38.Ne5 Rb5 39.Nc6 Rc5 40.g5+ hxg5 41.hxg5+ Kg7 42.Ne5 Rb5 43.Kg4 f6
44.gxf6+ Kxf6 45.Nf3 Ra5 46.Rb3 Ra4 47.Rd3 g5 48.Rxd5 gxf4 49.Rf5+ Ke7  1/2-1/2

[Event "Manila ol (Men)"]
[Site "Manila"]
[Date "1992.??.??"]
[Round "?"]
[White "Danielsen, Henrik"]
[Black "Duer, Werner"]
[Result "1/2-1/2"]
[WhiteElo "2390"]
[BlackElo "2275"]

1.Nf3 d5 2.c4 c6 3.e3 Nf6 4.Nc3 g6 5.d4 Bg7 6.Be2 O-O 7.O-O e6 8.b4 b6 9.a4 Bb7
10.Ba3 Re8 11.Qb3 a6 12.Rfc1 dxc4 13.Bxc4 b5 14.Be2 Nbd7 15.Rd1 Qb8 16.Rac1 Bf8
17.h3 h6 18.e4 bxa4 19.Qxa4 Qd8 20.e5 Nd5 21.Nxd5 cxd5 22.Nd2 Nb6 23.Qa5 Be7
24.g3 h5 25.h4 Kg7 26.Rc3 f6 27.exf6+ Bxf6 28.Nb3 Nc4 29.Qxd8 Raxd8 30.Nc5 Bc8
31.f4 Nd6 32.Nxa6 Nf5 33.Bb2 Rd7 34.Ra3 Bxa6 35.Bxa6 Rc7 36.Rd2 Rb8 37.Rb3 Ra7
38.b5 Rxa6 39.bxa6 Rxb3 40.a7 Rxb2 41.Rxb2 Bxd4+ 42.Kg2 Bxa7 43.Rb7+ Kf6
44.Rxa7 Ne3+ 45.Kf3 Ng4 46.Rh7 Nh2+ 47.Ke3 Nf1+ 48.Kf2 Nh2 49.Ke2 Ng4 50.Rh8 Kg7
51.Ra8 Nh6  1/2-1/2

[Event "Manila ol (Men)"]
[Site "Manila"]
[Date "1992.??.??"]
[Round "?"]
[White "Danielsen, Henrik"]
[Black "Pergericht, Daniel"]
[Result "1-0"]
[WhiteElo "2390"]
[BlackElo "2295"]

1.Nf3 d5 2.c4 c6 3.e3 Nf6 4.Nc3 g6 5.d4 Bg7 6.Be2 O-O 7.O-O Be6 8.b3 c5 9.Ba3 Ne4
10.Nxd5 Bxd5 11.cxd5 cxd4 12.Nxd4 Nc3 13.Qd3 Nxe2+ 14.Qxe2 Qxd5 15.Rad1 Qe4
16.f3 Qe5 17.f4 Qe4 18.Qd3 Qxd3 19.Rxd3 Rc8 20.Bxe7 Re8 21.Nb5 Rxe7 22.Rd8+ Bf8
23.Rc1 a6 24.Nd6 Rd7 25.Rcc8 Rxd8 26.Rxd8 a5 27.Ne8 b6 28.Nf6+ Kg7 29.Ne8+ Kg8
30.e4 f6 31.Nxf6+ Kg7 32.Nd5 Kf7 33.Kf1 Bc5 34.a4 h6 35.Ke2 Bg1 36.h3 Bc5
37.Kf3 Bg1 38.g4 Bc5 39.e5 Bg1 40.f5 Bd4 41.e6+  1-0

[Event "Manila ol (Women)"]
[Site "Manila"]
[Date "1992.??.??"]
[Round "?"]
[White "Turauskiene, Renata"]
[Black "Tungalag, Nyamaa"]
[Result "1-0"]
[WhiteElo "2280"]
[BlackElo "2080"]

1.Nf3 d5 2.c4 c6 3.b3 Nf6 4.Bb2 Bf5 5.g3 e6 6.Bg2 h6 7.O-O Be7 8.d3 O-O 9.Nbd2 Nbd7
10.Qc2 Bh7 11.Rac1 b5 12.Nd4 Rc8 13.cxb5 cxb5 14.Nc6 Qe8 15.Nxe7+ Qxe7 16.Qxc8 Rxc8
17.Rxc8+ Nf8 18.Nf3 Nd7 19.Rfc1 f6 20.R1c7 Qd6 21.Bd4 Bg6 22.Rxa7 Kh7 23.Raa8 Bf5
24.Nh4 g5 25.Nxf5 exf5 26.h3 Ne6 27.Rh8+ Kg7 28.Rag8+ Kf7 29.Bf3 g4 30.hxg4 Nxd4
31.gxf5 Nxf3+ 32.exf3 Qe5 33.Rd8 Qa1+ 34.Kg2 Ke7 35.Rhe8+ Kd6 36.Re6+ Kc7
37.Ra8 Qd4 38.a4 Ne5 39.axb5 Nxd3 40.b6+ Kd7 41.Ra7+ Kd8 42.Ra8+ Kd7 43.Ra7+ Kd8
44.Ra8+ Kd7 45.Ra2 Qc5 46.Rxf6 Ne1+ 47.Kh3 Nxf3 48.Rxh6 Qc3 49.Ra7+ Ke8 50.Re6+ Kf8
51.Ra8+ Kf7 52.b7 Ng5+ 53.Kg2 Nxe6 54.fxe6+ Ke7 55.b8=Q  1-0

[Event "Manila ol (Women)"]
[Site "Manila"]
[Date "1992.??.??"]
[Round "?"]
[White "Turauskiene, Renata"]
[Black "Koen, Maja"]
[Result "1-0"]
[WhiteElo "2280"]
[BlackElo "2225"]

1.Nf3 d5 2.c4 e6 3.b3 a5 4.Bb2 Nf6 5.g3 Be7 6.Bg2 Nbd7 7.O-O a4 8.Na3 c6
9.cxd5 exd5 10.Nd4 Nc5 11.b4 Ne6 12.Nxe6 Bxe6 13.Nc2 Qd7 14.Re1 Bh3 15.Bh1 h5
16.d3 h4 17.e4 hxg3 18.fxg3 a3 19.Bd4 dxe4 20.dxe4 Qe6 21.Qe2 Rh7 22.e5 Nd5
23.b5 Bg4 24.Qg2 Rd8 25.bxc6 bxc6 26.Ne3 Nb4 27.Qe4 f6 28.exf6 Qxe4 29.Bxe4 Rxd4
30.Nxg4  1-0

[Event "Manila ol (Men)"]
[Site "Manila"]
[Date "1992.??.??"]
[Round "?"]
[White "Hakulinen, Esko Matti"]
[Black "Lin Weiguo"]
[Result "1/2-1/2"]
[WhiteElo "2310"]
[BlackElo "2495"]

1.Nf3 d5 2.c4 d4 3.g3 Nc6 4.Bg2 e5 5.O-O Nf6 6.d3 a5 7.Na3 Bc5 8.Nc2 O-O
9.a3 Re8 10.Rb1 a4 11.Bd2 Qe7 12.b4 axb3 13.Rxb3 Qd8 14.Bb4 Nxb4 15.axb4 Bf8
16.Rb1 Bd7 17.b5 Qc8 18.Re1 Bh3 19.Bh1 h6 20.Nd2 Nd7 21.Nb3 Nc5 22.Nxc5 Bxc5
23.Qd2 Rb8 24.Na1 Re6 25.Nb3 Be7 26.e3 dxe3 27.Qxe3 Bb4 28.Re2 b6 29.Bd5 Re7
30.Ra2 Qd7 31.Rba1 Kh7 32.Ra8 Rxa8 33.Rxa8 Be6 34.Bc6 Qd6 35.Qf3 f5 36.h4 Rf7
37.h5 Rf8 38.Rxf8 Qxf8 39.Kg2 Qf6 40.Be8 Kg8 41.Bc6 Qd8 42.Qe2 Bf7 43.Qxe5 Qxd3
44.Bd5 Bxd5+ 45.Qxd5+ Qxd5+ 46.cxd5 Bc3 47.g4 Kf7 48.gxf5 Kf6 49.f4 Kxf5
50.Kf3 Bb2 51.Nd2 Bc1 52.Nb3 Ba3 53.Nd4+ Kf6 54.Ke4 Bd6 55.Nf5 g6 56.hxg6 Kxg6
57.Ne3 h5 58.Ng2 Be7 59.Kf3 Kf6 60.Ke4 Ba3  1/2-1/2

[Event "Manila ol (Women)"]
[Site "Manila"]
[Date "1992.??.??"]
[Round "?"]
[White "Foisor, Cristina Adela B"]
[Black "Galliamova, Alisa"]
[Result "0-1"]
[WhiteElo "2375"]
[BlackElo "2410"]

1.Nf3 d5 2.c4 d4 3.g3 c5 4.d3 g6 5.Bg2 Bg7 6.O-O Nc6 7.Na3 Nh6 8.Nc2 O-O
9.Rb1 a5 10.b3 Rb8 11.e3 dxe3 12.Bxe3 b6 13.d4 Bf5 14.d5 Nb4 15.Nxb4 axb4
16.Rc1 Be4 17.Ne5 Bxg2 18.Nc6 Qd6 19.Kxg2 Ra8 20.Bf4 Qd7 21.Bxh6 Bxh6 22.Rc2 Bg7
23.Qf3 e5 24.Re1 Rae8 25.Qd1 f5 26.Rce2 e4 27.f4 h6 28.Qc1 Kh7 29.h4 Ra8
30.Rh1 Bf6 31.h5 g5 32.Ne5 Bxe5 33.fxe5 f4 34.Rf2 e3 35.Qb1+ Kh8 36.Rf3 Qg4
37.Re1 fxg3 38.Rexe3 Qh4 39.Rxg3 Qxh5 40.Qc2 Rf4 41.e6 Raf8 42.e7 Rc8 43.d6 Rd4
44.Qb2 Kh7 45.Qc2+ Kg7 46.Qb2 Re8 47.Qxd4+ cxd4 48.d7 dxe3 49.d8=Q Qe2+ 50.Kh3 Qh5+
51.Kg2 Qe2+ 52.Kh3 Qf1+ 53.Kh2 Qf2+ 54.Kh3 Qf5+ 55.Kh2 Kf7 56.Qd1 Qf2+ 57.Kh3 e2
58.Qd5+ Kg7 59.Qe5+ Qf6 60.Re3 Qxe5 61.Rxe5 Kf6 62.Rxe2 Rxe7 63.Rd2 Kf5 64.Rd5+ Re5
65.Rd6 Re6 66.Rd5+ Kf4 67.Kg2 g4 68.Rb5 g3 69.Rh5 Kg4  0-1

[Event "Manila ol (Men)"]
[Site "Manila"]
[Date "1992.??.??"]
[Round "?"]
[White "Mohr, Georg"]
[Black "Handoko, Edhi"]
[Result "0-1"]
[WhiteElo "2440"]
[BlackElo "2390"]

1.Nf3 d5 2.c4 c6 3.g3 Nf6 4.Bg2 e6 5.b3 Nbd7 6.Bb2 Bd6 7.Nc3 O-O 8.O-O Re8
9.d3 e5 10.cxd5 cxd5 11.e4 Nb6 12.exd5 Nfxd5 13.Ne4 Bg4 14.d4 Bc7 15.Qd2 f5
16.Nc5 Bxf3 17.Bxf3 e4 18.Bg2 Rb8 19.a4 Nc8 20.a5 Nd6 21.Rfe1 Nf7 22.a6 bxa6
23.Rxa6 Bb6 24.Raa1 Ng5 25.Qc2 Kh8 26.Qc4 Rc8 27.Rac1 f4 28.h4 fxg3 29.hxg5 gxf2+
30.Kxf2 Qxg5 31.Kg1 Nf4 32.Rc2 Qg3 33.Rf1 Bc7 34.Rxf4 Bxf4 35.Bc1 Qh2+ 36.Kf1 Bxc1  0-1

[Event "Manila ol (Men)"]
[Site "Manila"]
[Date "1992.??.??"]
[Round "?"]
[White "Mohr, Georg"]
[Black "Soylu, Suat"]
[Result "1-0"]
[WhiteElo "2440"]
[BlackElo "2335"]

1.Nf3 d5 2.c4 c6 3.d4 Nf6 4.Qc2 g6 5.Bf4 Bg7 6.e3 O-O 7.Nc3 Qa5 8.Nd2 Bf5
9.Qb3 Na6 10.a3 Qb6 11.Be5 Rfd8 12.c5 Qxb3 13.Nxb3 Nb8 14.Na5 Bc8 15.b4 a6
16.Be2 Nbd7 17.Bc7 Rf8 18.Bg3 Nh5 19.Bxh5 gxh5 20.f4 f5 21.Bh4 Kf7 22.O-O Nf6
23.Bxf6 Bxf6 24.Na4 Rb8 25.Nb6 Ke6 26.Kf2 Bd7 27.Rh1 Be8 28.Nb3 Kf7 29.Nc1 e6
30.Nd3 Ke7 31.Nc1 Rg8 32.Ne2 Rg7 33.Nc3 h4 34.h3 Bh5 35.Rhg1 Rbg8 36.Nb1 Kd8
37.Nd2 Kc7 38.Na4 Rg3 39.Nf1 R3g7 40.Nd2 Rg3 41.Rab1 Ra8 42.Nb3 Rag8 43.Nc3 Ra8
44.a4 Be8 45.Ra1 Rb8 46.Rgc1 Bd7 47.Rc2 Rbg8 48.Rg1 Be8 49.Nc1 Bh5 50.N1e2 R3g7
51.Rb2 Be8 52.Nc1 Rg3 53.N3e2 R3g7 54.Na2 Bh5 55.Nec3 Rg3 56.Ne2 R3g7 57.Nac3 Be8
58.Rb3 Bd7 59.Na2 Rb8 60.Nec3 Ra8 61.Nc1 Rag8 62.N1e2 Ra8 63.b5 axb5 64.axb5 cxb5
65.Nxb5+ Bxb5 66.Rxb5 Ra6 67.Rgb1 Kc8 68.R1b2 Bd8 69.Nc1 Ra3 70.Ne2 Ra6 71.Ng1 Bf6
72.Nf3 Bd8 73.Ne5 Bf6 74.c6 Bxe5 75.cxb7+ Kb8 76.fxe5 Rc7 77.Rb6 Rc6 78.Rxa6 Rxa6
79.Kf3 Rc6 80.Rb3 h6 81.Rb1 Ra6 82.Rb2  1-0

[Event "Manila ol (Men)"]
[Site "Manila"]
[Date "1992.??.??"]
[Round "?"]
[White "Panno, Oscar"]
[Black "Lputian, Smbat G"]
[Result "1/2-1/2"]
[WhiteElo "2465"]
[BlackElo "2560"]

1.Nf3 d5 2.c4 dxc4 3.e3 g6 4.Bxc4 Bg7 5.Qb3 e6 6.d4 Ne7 7.O-O O-O 8.Rd1 b6
9.Nc3 Bb7 10.Be2 Nbc6 11.Qa3 Re8 12.b4 a6 13.Qb3 Nd5 14.Nxd5 Qxd5 15.Qxd5 exd5
16.Rb1 b5 17.Kf1 Na7 18.Ne1 Nc8 19.Nd3 Nd6 20.a4 bxa4 21.Nc5 Bc6 22.Bd2 Bb5
23.Be1 Nc4 24.Ra1 Bf8 25.Bc3 Bxc5 26.dxc5 c6 27.Bxc4 Bxc4+ 28.Ke1 Bb3 29.Rd4 Rab8
30.Kd2 Rb5 31.f3 a5 32.bxa5 Rxc5 33.e4 Rb5 34.exd5 cxd5 35.a6 Ra8 36.Rdxa4 Bxa4
37.Rxa4 Kf8 38.a7 Ke7 39.Bd4 Kd7 40.Ra6 Rb4 41.Kd3 f5 42.h4 Rb3+ 43.Kd2 Rb4
44.Kd3 Rb3+ 45.Ke2 Rb7 46.h5 Rc7 47.Kd3 Rc6  1/2-1/2

[Event "Manila ol (Men)"]
[Site "Manila"]
[Date "1992.??.??"]
[Round "?"]
[White "Asanov, Bolat"]
[Black "Campos Moreno, Javier B"]
[Result "1/2-1/2"]
[WhiteElo "2405"]
[BlackElo "2505"]

1.Nf3 d5 2.c4 e6 3.g3 c6 4.Bg2 f5 5.O-O Nf6 6.Qc2 Be7 7.d3 O-O 8.Nbd2 Na6
9.a3 b5 10.cxb5 cxb5 11.e4 dxe4 12.dxe4 Bb7 13.exf5  1/2-1/2

[Event "Manila ol (Men)"]
[Site "Manila"]
[Date "1992.??.??"]
[Round "?"]
[White "Small, Vernon A"]
[Black "Salazar, Hernan"]
[Result "1/2-1/2"]
[WhiteElo "2390"]
[BlackElo "2380"]

1.Nf3 d5 2.c4 e6 3.g3 Nf6 4.Bg2 c5 5.O-O Be7 6.cxd5 exd5 7.d4 O-O 8.Nc3 Nc6
9.Bg5 cxd4 10.Nxd4 h6 11.Be3 Re8 12.Rc1 Bg4 13.h3 Be6 14.Kh2 Qd7 15.Nxc6 bxc6
16.Na4 Bf5 17.Bc5 Bd8 18.Bd4 Ne4 19.Nc5 Nxc5 20.Bxc5 Bf6 21.Qd2 Be4 22.e3 Bxg2
23.Kxg2 a5  1/2-1/2

[Event "Manila ol (Men)"]
[Site "Manila"]
[Date "1992.??.??"]
[Round "?"]
[White "Johansen, Darryl K"]
[Black "Annageldiev, Orazly"]
[Result "1/2-1/2"]
[WhiteElo "2485"]
[BlackElo "2420"]

1.Nf3 d5 2.c4 dxc4 3.Na3 a6 4.Nxc4 b5 5.Ne3 Bb7 6.b3 e5 7.Bb2 e4 8.Ng1 Nf6
9.g3 Bc5 10.Bg2 O-O 11.Nh3 Nc6 12.O-O Bd4 13.Bxd4 Nxd4 14.Nc2 Ne6 15.d3 c5
16.Ne3 Nd4 17.Ng5 exd3 18.Qxd3 Bxg2 19.Kxg2 h6 20.Nf3 Nxf3 21.Qxd8 Nh4+ 22.gxh4 Rfxd8
23.a4 Ne4 24.Rfb1 Rab8 25.axb5 axb5 26.Rb2 Rd2 27.Raa2 Rbd8 28.Nf1 R2d6 29.Rc2 b4
30.Ra5 Rd5 31.Rc4 Re8 32.Rxb4 g5 33.Ng3 Nf6 34.Rc4 Ree5 35.hxg5 hxg5 36.e4 Rd3
37.Rcxc5 Re8 38.Rxg5+ Kf8 39.e5 Nd7 40.Rf5 Rxb3 41.Ra7 Rxe5 42.Rf4 Rd3 43.h4 Rd6
44.h5 Rf6 45.Rh4 Nb6 46.h6 Kg8 47.h7+ Kh8 48.Ne4 Rg6+ 49.Kf1 f5 50.Rf7 Re8
51.Nf6 Rc8 52.Rh5 Nc4 53.Nd5 Re8 54.Ne7 Nd2+ 55.Ke2 Re6+ 56.Kxd2 R6xe7 57.Rxe7 Rxe7
58.Kd3 Rxh7 59.Rxf5 Kg7 60.Ke4 Kg6 61.f4 Rh1 62.Re5 Kf6 63.Ke3  1/2-1/2

[Event "Capablanca mem-C"]
[Site "Matanzas"]
[Date "1992.??.??"]
[Round "4"]
[White "Alvarez Ibarra, D Rafael"]
[Black "Pina, Ulises"]
[Result "1/2-1/2"]
[WhiteElo "2360"]
[BlackElo "2355"]

1.Nf3 d5 2.c4 dxc4 3.Na3 e5 4.Nxe5 Bxa3 5.Qa4+ b5 6.Qxa3 Nf6 7.d3 Qd6 8.Qxd6 cxd6
9.Nf3 Nc6 10.Bd2 cxd3 11.Rc1 Ne5 12.Nxe5 dxe5 13.Rc5 O-O 14.exd3 e4 15.dxe4 Nxe4
16.Rxb5 Re8 17.Be3 Nd6 18.Ra5 Bb7 19.Be2 Bxg2 20.Rg1 Be4 21.Rxa7 Rac8 22.Rg5 Nf5
23.Bg4 Nxe3 24.Bxc8 Nc2+ 25.Kd2 Rxc8 26.Re5 Bg6 27.Rea5 Rd8+ 28.Kc3 Rc8+
29.Kd2 Rd8+  1/2-1/2

[Event "Mlada Boleslav op"]
[Site "Mlada Boleslav"]
[Date "1992.??.??"]
[Round "3"]
[White "Proniuk, Stefan"]
[Black "Kucera, Petr"]
[Result "0-1"]
[WhiteElo "2270"]
[BlackElo "2310"]

1.Nf3 d5 2.c4 dxc4 3.Na3 Nf6 4.Nxc4 e6 5.g3 b6 6.Bg2 Bb7 7.O-O Be7 8.b4 O-O
9.a3 c5 10.bxc5 Bxc5 11.Bb2 Nbd7 12.d3 b5 13.Ncd2 Rc8 14.Nb3 Bb6 15.Rc1 Qe7
16.Qd2 Bd5 17.Nbd4 a6 18.Rxc8 Rxc8 19.Rc1 Rxc1+ 20.Qxc1 Qc5 21.e3 Qxc1+ 22.Bxc1 Bxd4
23.exd4 Nb8 24.Bf4 Nc6 25.Bd6 a5 26.Kf1 a4 27.Nd2 Bxg2+ 28.Kxg2 Nxd4 29.Bc5 Nc6
30.Ne4 Nxe4 31.dxe4 b4  0-1

[Event "Alekhine op"]
[Site "Moscow"]
[Date "1992.??.??"]
[Round "?"]
[White "Bagirov, Vladimir"]
[Black "Magerramov, Elmar"]
[Result "1/2-1/2"]
[WhiteElo "2500"]
[BlackElo "2565"]

1.Nf3 d5 2.c4 e6 3.b3 c5 4.Bb2 Nc6 5.e3 d4 6.exd4 cxd4 7.g3 e5 8.d3 Bg4 9.a3 f5
10.h3 Bh5 11.Be2 Bf7 12.b4 Bd6 13.Nbd2 Qf6 14.g4 Be6 15.Rg1 Nge7 16.gxf5 Bxf5
17.Ng5 Ng6 18.Nde4 Qe7 19.c5 Bc7 20.Bg4 Bxg4 21.Rxg4 Nf4 22.Qb3 h6 23.Rxf4 exf4
24.Ne6 Be5 25.Qd5 Qf7 26.b5 Rd8 27.Qa2 Ne7 28.Nxd8 Qxa2 29.Rxa2 Kxd8 30.Ba1 Kd7
31.Rc2 a6 32.Nd6 axb5 33.Nxb5 Kc6 34.Bxd4 Ng6 35.Bxe5 Nxe5 36.d4 Kxb5 37.dxe5 Re8
38.Rb2+ Kxc5  1/2-1/2

[Event "Moscow Tal mem"]
[Site "Moscow"]
[Date "1992.??.??"]
[Round "?"]
[White "Gurevich, Dmitry"]
[Black "Filipenko, Alexander V"]
[Result "0-1"]
[WhiteElo "2490"]
[BlackElo "2390"]

1.Nf3 d5 2.c4 c6 3.e3 Nf6 4.Nc3 e6 5.b3 Nbd7 6.Bb2 e5 7.cxd5 cxd5 8.Be2 a6
9.g4 h6 10.Rg1 Bd6 11.d3 b5 12.h4 Bb7 13.g5 hxg5 14.hxg5 Ng8 15.g6 f6 16.e4 d4
17.Nb1 Ne7 18.Nbd2 Nf8 19.b4 Nexg6 20.a4 Bxb4 21.Qb3 Qe7 22.axb5 axb5 23.Rxa8+ Bxa8
24.Qa2 Bb7 25.Qa7 Bc6 26.Qb8+ Qd8 27.Qa7 Qd7 28.Qb8+ Kf7 29.Nxd4 exd4 30.Bd1 Ne6
31.Qg3 Nef4 32.Bg4 Qa7 33.Bf5 Rh6 34.e5 Qa2  0-1

[Event "Moscow3"]
[Site "Moscow"]
[Date "1992.??.??"]
[Round "?"]
[White "Efimov, Igor"]
[Black "Muhutdinov, Marat"]
[Result "1-0"]
[WhiteElo "2470"]
[BlackElo "2440"]

1.Nf3 d5 2.c4 d4 3.e3 c5 4.b4 dxe3 5.fxe3 cxb4 6.d4 e6 7.Bd3 Nc6 8.Bb2 Nge7
9.O-O Ng6 10.Nbd2 a5 11.d5 Nce7 12.Ne4 Nf5 13.Qe2 b5 14.Rad1 Qb6 15.Nd4 Be7
16.dxe6 fxe6 17.c5 Bxc5 18.Nxc5 Qxc5 19.Bxb5+ Ke7 20.Nxf5+ exf5 21.Bxg7 Rg8
22.Bd4 Qd6 23.e4 f4 24.e5  1-0

[Event "Muenster"]
[Site "Muenster"]
[Date "1992.??.??"]
[Round "5"]
[White "Libeau, Rene"]
[Black "Keitlinghaus, Ludger"]
[Result "0-1"]
[WhiteElo "2420"]
[BlackElo "2460"]

1.Nf3 d5 2.c4 d4 3.b4 g6 4.Bb2 Bg7 5.e3 e5 6.exd4 e4 7.Ne5 f6 8.Ng4 Bxg4
9.Qxg4 f5 10.Qd1 Bxd4 11.Nc3 Nf6 12.Be2 O-O 13.Qb3 Nc6 14.f4 exf3 15.gxf3 a5
16.a3 axb4 17.axb4 Rxa1+ 18.Bxa1 Be5 19.c5+ Kg7 20.Qc4 Re8 21.f4 Ne4 22.Nxe4 Bxa1
23.Ng5 Qe7 24.O-O Bf6 25.Bf3 Bxg5 26.fxg5 Qxg5+ 27.Kh1 Qxd2 28.Qb5 Re1 29.Rxe1 Qxe1+
30.Kg2 Qxb4 31.Bxc6 Qd2+ 32.Kf1 Qf4+ 33.Kg1 Qe3+ 34.Kf1 bxc6 35.Qxc6 Qf4+
36.Kg1 h5 37.Qd7+ Kh6 38.c6 h4 39.Qe8 Qg4+ 40.Kf2 Qf4+ 41.Kg1 Kh5 42.Qh8+ Kg4
43.Qc3 h3 44.Qd3 Kh4 45.Qf3 Qg4+  0-1